Memoria sobre sobre la naturaleza, cultivo y beneficios de la grana (Record no. 9212)

MARC details
000 -CABECERA
campo de control de longitud fija 00870nam a2200241 a 4500
001 - NÚMERO DE CONTROL
campo de control BRL_399
005 - FECHA Y HORA DE LA ÚLTIMA TRANSACCIÓN
campo de control 20190320210725.0
008 - DATOS DE LONGITUD FIJA--INFORMACIÓN GENERAL
campo de control de longitud fija 260615c1981----mx-#######---#000-0#spa-#
041 ## - CÓDIGO DE LENGUA
Código de lengua del texto/banda sonora o título independiente esp
044 ## - CÓDIGO DEL PAÍS DE LA ENTIDAD EDITORA/PRODUCTORA
Código MARC del país mx
050 #4 - SIGNATURA TOPOGRÁFICA DE LA BIBLIOTECA DEL CONGRESO
Número de clasificación SF562.C6
Número de documento/Ítem .A49 1981
100 1# - ENTRADA PRINCIPAL--NOMBRE DE PERSONA
Nombre de persona Alzate y Ramírez, José Antonio de
9 (RLIN) 23789
245 10 - MENCIÓN DE TÍTULO
Título Memoria sobre sobre la naturaleza, cultivo y beneficios de la grana
Mención de responsabilidad, etc. Joseph Antonio de Alzate y Ramìrez
260 ## - PUBLICACIÓN, DISTRIBUCIÓN, ETC.
Lugar de publicación, distribución, etc. México
Nombre del editor, distribuidor, etc. AGN
Fecha de publicación, distribución, etc. 1981
300 ## - DESCRIPCIÓN FÍSICA
Extensión 1 portafolio
Otras características físicas il.
Dimensiones 32 cm.
500 ## - NOTA GENERAL
Nota general Reproducción del manuscrito original que data del año de 1777 (239 laminas)
500 ## - NOTA GENERAL
Nota general Edición facsimilar limitada con motivo del traslado al Archivo General de la Nación al edificio de lecumberri, México, 1981
500 ## - NOTA GENERAL
Nota general Au396
650 14 - PUNTO DE ACCESO ADICIONAL DE MATERIA--TÉRMINO DE MATERIA
Término de materia o nombre geográfico como elemento de entrada Cochinilla (Tinte)
9 (RLIN) 21220
700 1# - PUNTO DE ACCESO ADICIONAL--NOMBRE DE PERSONA
Nombre de persona Moreno, Roberto
9 (RLIN) 23790
902 ## - CATALOGADOR
Iniciales GRL
942 ## - ELEMENTOS DE PUNTO DE ACCESO ADICIONAL (KOHA)
Fuente del sistema de clasificación o colocación Library of Congress Classification
Tipo de ítem Koha Libros
Holdings
Estado de retiro Estado de pérdida Estado dañado No para préstamo Localización permanente Ubicación/localización actual Fecha de adquisición Número de inventario Total de préstamos Signatura topográfica completa Código de barras Fecha visto por última vez Precio válido a partir de Tipo de ítem Koha
El ejemplar forma parte de la colección y puede ser consultado según las políticas vigentes.       Biblioteca Centro de Estudios Ruth D. Lechuga Biblioteca Centro de Estudios Ruth D. Lechuga 06/08/2013 Au396   SF562.C6 .A49 1981 (Au396) GRL00425 22/03/2019 22/03/2019 Libros